<?xml version="1.0" encoding="UTF-8"?><?xml-stylesheet type="text/xsl" href="static/style.xsl"?><OAI-PMH xmlns="http://www.openarchives.org/OAI/2.0/" xmlns:xsi="http://www.w3.org/2001/XMLSchema-instance" xsi:schemaLocation="http://www.openarchives.org/OAI/2.0/ http://www.openarchives.org/OAI/2.0/OAI-PMH.xsd"><responseDate>2026-06-29T02:32:00Z</responseDate><request verb="GetRecord" identifier="oai:docta.ucm.es:20.500.14352/101195" metadataPrefix="marc">https://docta.ucm.es/rest/oai/request</request><GetRecord><record><header><identifier>oai:docta.ucm.es:20.500.14352/101195</identifier><datestamp>2025-03-18T13:47:18Z</datestamp><setSpec>com_20.500.14352_14</setSpec><setSpec>col_20.500.14352_15</setSpec></header><metadata><record xmlns="http://www.loc.gov/MARC21/slim" xmlns:dcterms="http://purl.org/dc/terms/" xmlns:xsi="http://www.w3.org/2001/XMLSchema-instance" xmlns:doc="http://www.lyncode.com/xoai" xsi:schemaLocation="http://www.loc.gov/MARC21/slim http://www.loc.gov/standards/marcxml/schema/MARC21slim.xsd">
   <leader>00925njm 22002777a 4500</leader>
   <datafield ind2=" " ind1=" " tag="042">
      <subfield code="a">dc</subfield>
   </datafield>
   <datafield ind2=" " ind1=" " tag="720">
      <subfield code="a">Belli, Simone</subfield>
      <subfield code="e">author</subfield>
   </datafield>
   <datafield ind2=" " ind1=" " tag="720">
      <subfield code="a">Pacciardi, Bruno</subfield>
      <subfield code="e">author</subfield>
   </datafield>
   <datafield ind2=" " ind1=" " tag="720">
      <subfield code="a">Cotugno, B.</subfield>
      <subfield code="e">author</subfield>
   </datafield>
   <datafield ind2=" " ind1=" " tag="720">
      <subfield code="a">Cargioli, C.</subfield>
      <subfield code="e">author</subfield>
   </datafield>
   <datafield ind2=" " ind1=" " tag="720">
      <subfield code="a">Augusto, S.</subfield>
      <subfield code="e">author</subfield>
   </datafield>
   <datafield ind2=" " ind1=" " tag="720">
      <subfield code="a">Di Fiorino, A.</subfield>
      <subfield code="e">author</subfield>
   </datafield>
   <datafield ind2=" " ind1=" " tag="720">
      <subfield code="a">Mauri, M.</subfield>
      <subfield code="e">author</subfield>
   </datafield>
   <datafield ind2=" " ind1=" " tag="260">
      <subfield code="c">2013</subfield>
   </datafield>
   <datafield ind2=" " ind1=" " tag="520">
      <subfield code="a">Introduction
Weight gain is a common problem during antidepressant treatment, an important factor contributing to noncompliance, and a key issue influencing obesity-related illnesses. Selective serotonin reuptake inhibitors (SSRIs) seem to differ in terms of their effects on body weight, but the available literature on this topic is sparse, contradictory and lacking of data about new generation SSRIs.
Methods
This work evaluated clinical improvement and weight changes during the first three months of escitalopram treatment in 34 outpatients affected with depression and comorbid anxiety, assessed in a naturalistic follow-up. Outcome measures were weight change and clinical improvement assessed with CGI.
Results
After the first three months of therapy, there was a slight decrease in average body weight compared to baseline. However, the weight loss at three months did not reach statistical significance. Response to treatment was demonstrated by a statistically significant reduction in CGI score.
Limitations
Both the small sample size and short follow-up times limit our results. Other variables such as depressive severity, atypical features and premorbid weight should be taken into account during further follow-up.
Conclusions
Our preliminary data suggest that escitalopram may not be involved in weight gain, and confirm the efficacy of escitalopram treatment for depression with comorbid anxiety.</subfield>
   </datafield>
   <datafield ind1="8" ind2=" " tag="024">
      <subfield code="a">1592-1107</subfield>
   </datafield>
   <datafield ind1="8" ind2=" " tag="024">
      <subfield code="a">https://hdl.handle.net/20.500.14352/101195</subfield>
   </datafield>
   <datafield ind1="8" ind2=" " tag="024">
      <subfield code="a">https://old.jpsychopathol.it/wp-content/uploads/2015/07/08Pacciardi1.pdf</subfield>
   </datafield>
   <datafield ind2="0" ind1="0" tag="245">
      <subfield code="a">Trattamento con escitalopram e peso corporeo : dati preliminari</subfield>
   </datafield>
</record></metadata></record></GetRecord></OAI-PMH>